00751nas a2200229Ia 4500001001200000003001000012008004100022040002500063041001300088100001900101210002200120222002200142245009200164250001100256260000900267501012300276300001100399362001900410500003900429650004200468700001100510dd35-49949 IT-MiCISF161014c99999999xx |||||||||||| ||und|| aIT-MiCISFcIT-MiCISF aITALIANO aSivelli Beppe  aNotiziario Ucipem aNotiziario Ucipem 0aIl corpo in relazione tra risorse e rischi: quale intervento del consultorio familiare? a1a ed. c2010 bCISF - Centro Internazionale Studi Famiglia - Via Giotto, 36 20145 MILANO (non commercial uses only)cCopyright 2016 app. 58 a n. 224 [2010] a Tema: consulenza, famiglia, corpo aFAMIGLIA - consulenza familiarevatti aAA.VV.